Kręg Buddyjski - Statystyki

Ogólne statystyki
  • Ten quiz został rozwiązany 35 razy
  • Średni wynik to 6 z 7
Statystyki odpowiedzi
Państwo % Poprawnych
Tajlandia
100%
Laos
92%
Kambodża
84%
Mjanma
84%
Mongolia
76%
Bhutan
72%
Sri Lanka
68%
Nie znaleziono quizów pasujących do podanych kryteriów
Rozkład punktacji
Procent ludzi z każdym wynikiem
Percentyl według liczby udzielonych odpowiedzi
Twoja historia wyników
Nie rozwiązałeś tego quizu